000
00312nam a22001337a 4500
003
SGT
082
_a
617.692
_b
T14D
100
_a
DUREJA, ISHITA
245
_a
TITANIUM IN PROSTHODONTICS
260
_a
DELHI NCR
_b
SGT UNIVERSITY GURUGRAM
_c
2014
300
_a
1-71
650
_a
PROSTHODONTICS
942
_2
ddc
_c
TH
999
_c
18932
_d
18932